| 000 | 00843nam a22002535a 4500 | ||
|---|---|---|---|
| 008 | 150629s2014 ii a fr 001 0 eng d | ||
| 020 | _a9788123923598 | ||
| 040 |
_aEG-ScBUE _beng _cEG-ScBUE _dEG-ScBUE |
||
| 082 | 0 | 4 |
_222 _a615.19 _bNOO |
| 100 | 1 |
_aNoolvi, Malleshappa N. _939263 |
|
| 245 | 1 | 0 |
_aTextbook of medicinal chemistry / _cmalleshappa N. Noolvi, Anurekha Jain, Harun M patel. |
| 246 | 3 | 0 | _aMedicinal chemistry |
| 250 | _a1st ed. | ||
| 260 |
_aNew Delhi : _bCBS publishers & Distributors Pvt Ltd, _c2014. |
||
| 300 |
_axi, 955 p. : _bill. ; _c24 cm. |
||
| 500 | _aIndex : p. 947-955. | ||
| 650 | 7 |
_aPharmaceutical chemistry. _2BUEsh _930027 |
|
| 650 | 7 |
_aChemistry, Organic. _2BUEsh _96234 |
|
| 651 | _2BUEsh | ||
| 653 |
_bPPhrm _cJune2015 _cFebruary2016 |
||
| 700 | 1 | _aJain, Anurekha. | |
| 700 | 1 | _aPatel, Harun M. | |
| 942 | _2ddc | ||
| 999 |
_c20066 _d20038 |
||